[Event "Tournoi Skype 032B"]
[Site "Skype"]
[Date "????.??.??"]
[Round "7.37"]
[White "Colangelo, Michele"]
[Black "Saglam, Derya"]
[Result "0-1"]
[WhiteElo "1464"]
[BlackElo "1400"]
[PlyCount "70"]

1. e4 e5 2. Nf3 Nc6 3. Bc4 Bc5 4. c3 f6 5. d4 Be7 6. d5 Na5 7. Bd3 Bc5 8. b4
Bxf2+ 9. Kxf2 c6 10. bxa5 Qxa5 11. Qb3 cxd5 12. exd5 Ne7 13. c4 O-O 14. Qc2 Ng6
15. Re1 d6 16. Bxg6 hxg6 17. Qxg6 Bd7 18. Bd2 Qc5+ 19. Be3 Qxc4 20. Rd1 e4 21.
Nfd2 Qxd5 22. Qxe4 Qh5 23. Nf3 Bc6 24. Qe6+ Rf7 25. Rxd6 Re8 26. Qh3 Qb5 27.
Nc3 Qb2+ 28. Bd2 Qb6+ 29. Kg3 Qc7 30. Bf4 Qa5 31. Rad1 Qxc3 32. Rd8 g5 33.
Rxe8+ Bxe8 34. Rd8 gxf4+ 35. Kh4 Rh7+ 0-1

[Event "Tournoi Skype 032B"]
[Site "Skype"]
[Date "????.??.??"]
[Round "7.38"]
[White "Kumar, Ajeet"]
[Black "Mendoza Lainez, Ricardo Jose"]
[Result "0-1"]
[WhiteElo "1400"]
[BlackElo "1452"]
[PlyCount "72"]

1. a3 e5 2. e3 Nf6 3. c3 d5 4. d4 e4 5. c4 Bg4 6. Ne2 Bd6 7. h3 Bh5 8. cxd5
Nbd7 9. Qa4 O-O 10. Nec3 Nb6 11. Qb3 c6 12. dxc6 bxc6 13. Bc4 Qc7 14. Nd2 Bg3
15. Ncxe4 Nfd5 16. Nxg3 Nf6 17. Nde4 Bg6 18. Nxf6+ gxf6 19. Bd2 Kh8 20. Be2 Nd7
21. Rc1 f5 22. Bc3 f4 23. exf4 Qxf4 24. O-O Nf6 25. d5 cxd5 26. Bxf6+ Qxf6 27.
Bh5 Rad8 28. Bxg6 Qxg6 29. Rc7 f5 30. Kh1 f4 31. Ne2 f3 32. gxf3 Qh5 33. Qc3+
d4 34. Nxd4 Qxh3+ 35. Kg1 Rg8+ 36. Rg7 Rxg7# 0-1

[Event "Tournoi Skype 032B"]
[Site "Skype"]
[Date "????.??.??"]
[Round "7.39"]
[White "Torres, Vicky"]
[Black "Montilla Bejarano, Mey"]
[Result "1/2-1/2"]
[WhiteElo "1400"]
[BlackElo "1450"]
[PlyCount "85"]

1. e4 c6 2. Nf3 d5 3. exd5 Qxd5 4. Nc3 Qd8 5. Bc4 Bf5 6. O-O h6 7. Nd5 e6 8.
Nc3 Nd7 9. d4 Bd6 10. Ne2 g5 11. Ng3 Bg6 12. h3 Be7 13. Re1 h5 14. Ne5 Nxe5 15.
dxe5 Qc7 16. Nxh5 Bxh5 17. Qd3 Rd8 18. Qg3 Rd4 19. Bb3 g4 20. h4 Qd8 21. Be3
Bxh4 22. Qh2 Re4 23. Bf4 g3 24. Bxg3 Bxg3 25. Qxg3 Rxe1+ 26. Rxe1 Qd2 27. Qe3
Qxe3 28. Rxe3 Bg6 29. a4 a5 30. c4 c5 31. Bd1 Ne7 32. Rb3 Rh4 33. Be2 Re4 34.
Bf1 Rxe5 35. Rxb7 Re1 36. Rb5 Bd3 37. Rxa5 Rxf1+ 38. Kh2 Rxf2 39. b3 Rb2 40.
Ra8+ Kd7 41. Rb8 Be4 42. a5 Rxg2+ 43. Kh3 1/2-1/2

[Event "Tournoi Skype 032B"]
[Site "Skype"]
[Date "????.??.??"]
[Round "7.41"]
[White "Jacinto Sebastian, Carlos Ivan"]
[Black "Marroquin Mayhua, Silvia"]
[Result "1-0"]
[WhiteElo "1400"]
[BlackElo "1519"]
[PlyCount "71"]

1. d4 d5 2. c4 c6 3. Nc3 Nf6 4. e3 Bf5 5. Nf3 Nbd7 6. Be2 e6 7. O-O Be7 8. h3
a6 9. Re1 b5 10. Bf1 bxc4 11. Nh4 Be4 12. Qa4 Qc7 13. f3 Nb6 14. Qa5 Bd3 15. e4
Bxf1 16. Kxf1 Nh5 17. g3 Nxg3+ 18. Kf2 Bxh4 19. exd5 Nf5+ 20. Ke2 Qh2+ 21. Kd1
Bxe1 22. Kxe1 Nxd4 23. Kf1 Qxh3+ 24. Kg1 Qxf3 25. Qxb6 cxd5 26. Qxd4 O-O 27.
Be3 Rae8 28. Rf1 f5 29. Rxf3 Re7 30. Rg3 Rff7 31. Bh6 Kh8 32. Qb6 Kg8 33. Qxa6
Rf6 34. Qc8+ Kf7 35. Bxg7 Rg6 36. Qf8# 1-0

[Event "Tournoi Skype 032B"]
[Site "Skype"]
[Date "????.??.??"]
[Round "7.43"]
[White "Ricord, Gerardo"]
[Black "Wildt, Gerti"]
[Result "0-1"]
[WhiteElo "1371"]
[BlackElo "1438"]
[PlyCount "76"]

1. e4 c5 2. Bc4 d6 3. Nf3 Nf6 4. Ng5 e6 5. d3 Be7 6. O-O O-O 7. Qf3 h6 8. Nh3
b6 9. Bxh6 gxh6 10. Qg3+ Kh8 11. Qh4 Nh7 12. Qxh6 Bg5 13. Qh5 Qf6 14. Qf3 Qg6
15. Qg3 e5 16. Nc3 Bxh3 17. Qxh3 Nc6 18. Bd5 Rac8 19. Nb5 a6 20. Nc3 Nd4 21.
Qg4 Nxc2 22. Rab1 Nd4 23. Bb7 Rc7 24. Bxa6 Ne6 25. Bc4 Nf4 26. Bd5 Nf6 27. Qf3
N4h5 28. g4 Nf4 29. Nb5 Rd7 30. Bc6 Rdd8 31. a3 Kg8 32. b4 Kg7 33. bxc5 bxc5
34. Rfe1 Rh8 35. Kf1 Rh3 36. Qd1 Rxh2 37. Kg1 Rg2+ 38. Kf1 Qh6 0-1

[Event "Tournoi Skype 032B"]
[Site "Skype"]
[Date "????.??.??"]
[Round "7.44"]
[White "Alesse, Samuel"]
[Black "Osti, Giorgio"]
[Result "1-0"]
[WhiteElo "1400"]
[BlackElo "1400"]
[PlyCount "101"]

1. d4 d5 2. Nf3 c6 3. Bf4 Na6 4. e3 Bf5 5. Bd3 Bxd3 6. Qxd3 e6 7. c3 Nf6 8. h3
Bd6 9. Bxd6 Qxd6 10. Nbd2 Nc7 11. O-O O-O 12. Rfe1 Na6 13. e4 Nb8 14. e5 Qe7
15. exf6 Qxf6 16. Ne5 Qd8 17. Ndf3 f6 18. Ng4 Nd7 19. Rxe6 Re8 20. Rxe8+ Qxe8
21. Qd2 Qe7 22. Re1 Qd6 23. Qe2 Qf8 24. Qe7 Rd8 25. Qxf8+ Nxf8 26. Re7 Ng6 27.
Rxb7 Ra8 28. Rc7 Nf4 29. Rxc6 Ne2+ 30. Kh2 Rb8 31. b4 f5 32. Nge5 g5 33. Nxg5
Rf8 34. b5 h6 35. Nd7 Rd8 36. Rd6 hxg5 37. a4 g4 38. h4 Kg7 39. a5 f4 40. b6
Rh8 41. g3 fxg3+ 42. fxg3 Nxc3 43. b7 Nb5 44. Ra6 Nc7 45. Rxa7 Rd8 46. b8=Q
Rxd7 47. Rxc7 Rf7 48. Qb7 Rxc7 49. Qxc7+ Kh6 50. a6 Kh5 51. a7 1-0

[Event "Tournoi Skype 032B"]
[Site "Skype"]
[Date "????.??.??"]
[Round "7.45"]
[White "Davanzo, Luca"]
[Black "Bosetti, Giancarlo"]
[Result "1/2-1/2"]
[WhiteElo "1400"]
[BlackElo "1389"]
[PlyCount "60"]

1. e4 e5 2. Nf3 Nf6 3. Bb5 Nxe4 4. Nxe5 Nd6 5. Ba4 c6 6. Bb3 Be7 7. O-O O-O 8.
d4 Bf6 9. Re1 Re8 10. Nc3 Bxe5 11. dxe5 Nb5 12. Nxb5 cxb5 13. Qf3 Re7 14. Be3
Qf8 15. Bg5 Re8 16. Rad1 Nc6 17. Qf4 h6 18. Bxh6 gxh6 19. Rd6 Kh7 20. Qf5+ Kh8
21. Re3 Ne7 22. Qf6+ Qg7 23. Qf4 Ng6 24. Qxf7 Qxf7 25. Bxf7 Rf8 26. Bxg6 Kg7
27. Rg3 a5 28. Bh5+ Kh7 29. Bg6+ Kg7 30. f4 Ra6 1/2-1/2

[Event "Tournoi Skype 032B"]
[Site "Skype"]
[Date "????.??.??"]
[Round "7.46"]
[White "Samudio Villarreal, Eduardo"]
[Black "Ahrens, Melanie"]
[Result "0-1"]
[WhiteElo "1379"]
[BlackElo "1550"]
[PlyCount "60"]

1. d4 e6 2. e4 d5 3. e5 c5 4. dxc5 Bxc5 5. Be3 Bxe3 6. fxe3 Nc6 7. Nf3 Nxe5 8.
Nxe5 Nf6 9. h3 Qd6 10. Qd4 O-O 11. Nc3 b6 12. Bb5 Bb7 13. e4 Rad8 14. Ba4 dxe4
15. Nb5 Qxd4 16. Nxd4 Rxd4 17. O-O Rxa4 18. Rfd1 Rc8 19. c3 Ra5 20. Ng4 Nxg4
21. hxg4 h6 22. a3 Rd5 23. Rd4 Rxd4 24. cxd4 Rc2 25. Re1 Rxb2 26. Rc1 e3 27.
Rc7 e2 28. Rxb7 e1=Q+ 29. Kh2 Qf2 30. Rb8+ Kh7 0-1

[Event "Tournoi Skype 032B"]
[Site "Skype"]
[Date "????.??.??"]
[Round "7.47"]
[White "Farfallini, Michel"]
[Black "Coutellier, Olivia"]
[Result "1-0"]
[WhiteElo "1642"]
[BlackElo "1400"]
[PlyCount "45"]

1. e4 e5 2. Nf3 d6 3. Bc4 Nf6 4. Ng5 Bg4 5. Bxf7+ Kd7 6. f3 h6 7. fxg4 hxg5 8.
Nc3 Nc6 9. d4 Nxd4 10. Bxg5 Qe7 11. Bg6 Qe6 12. Ne2 Qxg4 13. Nxd4 Qxg5 14. Bf5+
Kd8 15. Ne6+ Ke7 16. Nxg5 Rh6 17. Qd3 g6 18. Qc4 d5 19. Qxc7+ Ke8 20. Qf7+ Kd8
21. Qxf6+ Be7 22. Qe6 Bxg5 23. Qd7# 1-0

[Event "Tournoi Skype 032B"]
[Site "Skype"]
[Date "????.??.??"]
[Round "7.49"]
[White "Mascarenhas, Marco"]
[Black "Hernandez Lopez, Joaquin"]
[Result "1-0"]
[WhiteElo "1400"]
[BlackElo "1439"]
[PlyCount "35"]

1. e4 e5 2. Nf3 Nc6 3. d4 exd4 4. Bc4 d6 5. O-O Nf6 6. Ng5 Ne5 7. Bb3 Be7 8.
Qxd4 O-O 9. Nc3 c5 10. Qd1 h6 11. Nf3 Bg4 12. Kh1 Nxf3 13. gxf3 Bd7 14. Rg1 Nh5
15. Bxh6 Kh7 16. Be3 g5 17. f4 gxf4 18. Qxh5# 1-0

[Event "Tournoi Skype 032B"]
[Site "Skype"]
[Date "????.??.??"]
[Round "7.50"]
[White "Grib, Jessica"]
[Black "Carias, Nancy"]
[Result "1-0"]
[WhiteElo "1437"]
[BlackElo "1333"]
[PlyCount "31"]

1. e4 e5 2. Nf3 Nc6 3. Bc4 h6 4. c3 Nf6 5. Qc2 Be7 6. d4 d6 7. d5 Nd7 8. dxc6
bxc6 9. Nbd2 Bb7 10. Qb3 Qc8 11. Nh4 Bxh4 12. Nf3 Bf6 13. Bxf7+ Kf8 14. Qe6 Ba6
15. Bg6 Rb8 16. Qf7# 1-0

[Event "Tournoi Skype 032B"]
[Site "Skype"]
[Date "????.??.??"]
[Round "7.51"]
[White "Baratta, Giuseppe"]
[Black "Aghaee, Shirin"]
[Result "0-1"]
[WhiteElo "1398"]
[BlackElo "1400"]
[PlyCount "108"]

1. d4 d5 2. Bf4 c6 3. e3 Nf6 4. Nf3 Nbd7 5. Bd3 Qb6 6. Nc3 Qxb2 7. Ne2 e6 8.
O-O Bb4 9. Rb1 Qa3 10. Rb3 Qa5 11. c3 c5 12. cxb4 c4 13. bxa5 cxb3 14. Qxb3 O-O
15. Bb5 Nb8 16. Ne5 a6 17. Ba4 Ne4 18. Nc3 Nd2 19. Qc2 Nxf1 20. Kxf1 f6 21. Ng4
Nc6 22. e4 Nxd4 23. Qd3 Nc6 24. exd5 exd5 25. Nxd5 Bxg4 26. Nc7 Rac8 27. Qb3+
Kh8 28. Bxc6 bxc6 29. Qa4 c5 30. g3 Bf3 31. Ke1 Rfd8 32. Ne6 Rd1+ 33. Qxd1 Bxd1
34. Kxd1 c4 35. Nd4 c3 36. Ne2 Rd8+ 37. Kc2 Rc8 38. Nxc3 h6 39. Kb3 g5 40. Be5
fxe5 41. Nd5 Rc5 42. Nb6 e4 43. Nd7 Rd5 44. Nb8 Rd2 45. Nxa6 Rxf2 46. Nc5 e3
47. Ne4 Rxh2 48. a6 e2 49. a7 e1=Q 50. a8=Q+ Kg7 51. Qb7+ Kg6 52. Qc6+ Kh5 53.
Nxg5 hxg5 54. Qe4 Qxe4 0-1

[Event "Tournoi Skype 032B"]
[Site "Skype"]
[Date "????.??.??"]
[Round "7.53"]
[White "Cassano, Mariangela"]
[Black "Costa, Silveria"]
[Result "0-1"]
[WhiteElo "1306"]
[BlackElo "1400"]
[PlyCount "42"]

1. d4 d5 2. Nf3 Nf6 3. e3 e6 4. Bd3 Bb4+ 5. c3 Ba5 6. O-O O-O 7. Nbd2 Nc6 8.
Re1 Qd6 9. a3 Re8 10. b4 Bb6 11. e4 e5 12. dxe5 Nxe5 13. Nxe5 Rxe5 14. c4 Nh5
15. exd5 Bd7 16. Bb2 Rg5 17. Nf3 Nf4 18. Nxg5 Qh6 19. Nf3 Qh5 20. Ne5 Qg5 21.
Nxd7 Qxg2# 0-1

[Event "Tournoi Skype 032B"]
[Site "Skype"]
[Date "????.??.??"]
[Round "7.55"]
[White "Molina, Maria Lucia"]
[Black "Guillen Andrinal, Pablo"]
[Result "1-0"]
[WhiteElo "1395"]
[BlackElo "1411"]
[PlyCount "49"]

1. e4 e5 2. Nf3 Nc6 3. Bc4 Nf6 4. Nc3 Bc5 5. d3 O-O 6. Bg5 Re8 7. Qd2 h6 8. h4
hxg5 9. hxg5 Ng4 10. O-O Kf8 11. Nd5 f6 12. gxf6 gxf6 13. Qe1 d6 14. Nh4 Kg7
15. Qe2 Rh8 16. Nf5+ Bxf5 17. exf5 Rh6 18. Qxg4+ Kh8 19. a3 Qe8 20. Nxf6 Rxf6
21. Qh4+ Kg7 22. Qg5+ Rg6 23. f6+ Kh8 24. Qh5+ Rh6 25. Qxh6# 1-0

[Event "Tournoi Skype 032B"]
[Site "Skype"]
[Date "????.??.??"]
[Round "7.57"]
[White "Hargez, Dany"]
[Black "Melo, Marcelo"]
[Result "1-0"]
[WhiteElo "1578"]
[BlackElo "1400"]
[PlyCount "39"]

1. e4 c6 2. d4 d6 3. Nf3 Nd7 4. Bc4 e6 5. Nc3 Ngf6 6. Bg5 Be7 7. O-O O-O 8.
Bxf6 Bxf6 9. h3 h6 10. Nh2 Re8 11. Ng4 Bg5 12. e5 d5 13. Ne4 dxc4 14. Nd6 Re7
15. h4 Bxh4 16. Nxh6+ Kh7 17. Nhxf7 Qa5 18. Qg4 Qd5 19. Qxh4+ Kg8 20. Qh8# 1-0

[Event "Tournoi Skype 032B"]
[Site "Skype"]
[Date "????.??.??"]
[Round "7.58"]
[White "Trapletti, Cosetta"]
[Black "Bucherie, Volcy"]
[Result "0-1"]
[WhiteElo "1400"]
[BlackElo "1538"]
[PlyCount "72"]

1. d4 Nf6 2. c4 c5 3. Nf3 b5 4. cxb5 a6 5. dxc5 Ne4 6. a4 Nxc5 7. Nbd2 g6 8. e3
Bg7 9. Rb1 O-O 10. Bc4 d5 11. Be2 e6 12. b4 Ne4 13. Nxe4 dxe4 14. Qxd8 Rxd8 15.
Ne5 Bxe5 16. O-O a5 17. Rb3 Nd7 18. bxa5 Rxa5 19. Rb4 Nc5 20. Bd1 Bc3 21. Rxe4
Nxe4 22. f3 Nd2 23. Rf2 Bb7 24. Ba3 Nc4 25. Bc5 Rxd1+ 26. Rf1 Rxf1+ 27. Kxf1
Rxa4 28. Ke2 Ne5 29. f4 Ng4 30. h3 Nh2 31. Kd3 Bb4 32. g3 Bxc5 33. e4 Bxe4+ 34.
Ke2 Ra2+ 35. Ke1 Be3 36. h4 Bf3 0-1

[Event "Tournoi Skype 032B"]
[Site "Skype"]
[Date "????.??.??"]
[Round "8.1"]
[White "Parrales, Rodolfo"]
[Black "Barrera Mendoza, Carlos"]
[Result "1/2-1/2"]
[WhiteElo "1533"]
[BlackElo "1521"]
[PlyCount "80"]

1. e4 e5 2. Bc4 Nc6 3. Nf3 Nf6 4. d4 d6 5. dxe5 dxe5 6. Qxd8+ Nxd8 7. Nxe5 Bd6
8. Nf3 Nxe4 9. O-O O-O 10. Nbd2 Nf6 11. Re1 Bf5 12. c3 Be6 13. Bd3 Nc6 14. Ne4
Nxe4 15. Bxe4 Rad8 16. Bg5 f6 17. Bd2 Rfe8 18. Kh1 Kh8 19. Be3 Bg4 20. Bxc6
bxc6 21. Nd4 Bd7 22. Bd2 Be5 23. Nf3 Bd6 24. Rxe8+ Rxe8 25. Re1 Rxe1+ 26. Bxe1
Bf5 27. Nd4 Bd7 28. Kg1 c5 29. Nc2 Bf5 30. Ne3 Bb1 31. a3 Kg8 32. Bd2 Kf7 33.
Nc4 Be7 34. Bf4 Bd3 35. Na5 Bd6 36. Bxd6 cxd6 37. Nb3 Ke6 38. f3 Kd5 39. Kf2
Kc4 40. Nd2+ Kd5 1/2-1/2

[Event "Tournoi Skype 032B"]
[Site "Skype"]
[Date "????.??.??"]
[Round "8.2"]
[White "Conde, Abigail"]
[Black "Scata, Laura"]
[Result "0-1"]
[WhiteElo "1485"]
[BlackElo "1583"]
[PlyCount "104"]

1. d4 c6 2. Nf3 d5 3. Bf4 Bf5 4. Nbd2 e6 5. a3 Bd6 6. Be5 Nf6 7. c4 Bxe5 8.
Nxe5 Nbd7 9. Nef3 O-O 10. cxd5 cxd5 11. e3 Rc8 12. Be2 Rc2 13. O-O Qc7 14. Nb3
Rc8 15. Bd3 Bxd3 16. Qxd3 Qc4 17. Qxc4 R8xc4 18. Na5 Rc7 19. b4 Rb2 20. Ne1 b6
21. Nd3 Rbc2 22. Nb3 Ne4 23. f3 Nd2 24. Nxd2 Rxd2 25. Nf4 Rcc2 26. Rae1 g5 27.
Ne2 Nf6 28. e4 dxe4 29. fxe4 Nxe4 30. a4 Nc3 31. Kf2 Rxe2+ 32. Rxe2 Rxe2+ 33.
Kf3 Re4 34. Rc1 Rf4+ 35. Ke3 Nd5+ 36. Kd3 Nxb4+ 37. Kc4 Nd5 38. g3 Rf2 39. h4
h6 40. Kb5 Rb2+ 41. Kc6 Rb4 42. Kd6 Rxa4 43. hxg5 hxg5 44. g4 Rxd4 45. Ke5 Rxg4
46. Rc8+ Kg7 47. Ra8 a5 48. Ra6 Rb4 49. Kd6 a4 50. Kd7 g4 51. Ra7 g3 52. Ke8
Rf4 0-1

[Event "Tournoi Skype 032B"]
[Site "Skype"]
[Date "????.??.??"]
[Round "8.3"]
[White "Ozturk, Ozgur"]
[Black "Battaglia, Gabriele"]
[Result "1-0"]
[WhiteElo "1435"]
[BlackElo "1535"]
[PlyCount "55"]

1. e4 d6 2. d4 Nf6 3. Nc3 e6 4. Nf3 Be7 5. Bd3 Nc6 6. h3 O-O 7. Be3 Nb4 8. Be2
Bd7 9. a3 Nc6 10. g4 Bc8 11. g5 Nd7 12. h4 b6 13. h5 Re8 14. Qd2 Nf8 15. Nh4 f6
16. gxf6 Bxf6 17. Nf3 h6 18. O-O-O a5 19. Rdg1 Bd7 20. Bxh6 Kh8 21. Bg5 Nh7 22.
Be3 e5 23. h6 Rg8 24. hxg7+ Rxg7 25. Rxg7 Kxg7 26. d5 Nd4 27. Bxd4 exd4 28.
Qh6+ 1-0

[Event "Tournoi Skype 032B"]
[Site "Skype"]
[Date "????.??.??"]
[Round "8.5"]
[White "Busto, Ricardo"]
[Black "Jimenez Del Rosario, Alsis Raynely"]
[Result "1-0"]
[WhiteElo "1585"]
[BlackElo "1515"]
[PlyCount "73"]

1. d4 Nf6 2. c4 g6 3. Nc3 Bg7 4. e4 O-O 5. f4 d6 6. Nf3 Bg4 7. Be2 Nfd7 8. Be3
e5 9. fxe5 dxe5 10. d5 c5 11. O-O Bxf3 12. Bxf3 Qh4 13. Bf2 Qg5 14. Qe2 Nf6 15.
Be3 Qh4 16. g3 Qh3 17. Bg2 Qc8 18. Qd2 Ng4 19. Bh3 Rd8 20. Bxg4 Qxg4 21. Bxc5
Nc6 22. Qe2 Qxe2 23. Nxe2 Nd4 24. Nxd4 exd4 25. Rad1 Re8 26. Bxd4 Rxe4 27. Bxg7
Kxg7 28. b3 Rd8 29. Kf2 b6 30. Rfe1 Rf4+ 31. gxf4 f5 32. Re7+ Kf6 33. Rxh7 Re8
34. Re1 Rxe1 35. Kxe1 a5 36. Rb7 g5 37. Rxb6+ 1-0

[Event "Tournoi Skype 032B"]
[Site "Skype"]
[Date "????.??.??"]
[Round "8.6"]
[White "Cockayne, Curtis"]
[Black "Le Bouill, Pierre"]
[Result "1-0"]
[WhiteElo "1615"]
[BlackElo "1534"]
[PlyCount "38"]

1. d4 Nf6 2. c4 c5 3. d5 d6 4. Nc3 a6 5. Nf3 h6 6. e4 e6 7. Bd3 Be7 8. O-O O-O
9. Re1 Re8 10. Nh4 Nh7 11. Nf3 Nd7 12. dxe6 fxe6 13. Qc2 Ndf6 14. e5 dxe5 15.
Nxe5 Rf8 16. Rd1 Qe8 17. Bg6 Qxg6 18. Nxg6 Rf7 19. Nxe7+ Rxe7 1-0

[Event "Tournoi Skype 032B"]
[Site "Skype"]
[Date "????.??.??"]
[Round "8.7"]
[White "Gomez Caballero, Blas"]
[Black "Moumtaz, Abderrahim"]
[Result "1-0"]
[WhiteElo "1518"]
[BlackElo "1598"]
[PlyCount "149"]

1. e4 e5 2. Nf3 Nc6 3. d3 Nf6 4. Bg5 Be7 5. Bxf6 Bxf6 6. Nc3 O-O 7. Nd5 d6 8.
h3 Be6 9. Nxf6+ Qxf6 10. h4 Bg4 11. Be2 Ne7 12. Qd2 h6 13. h5 d5 14. O-O-O Rfd8
15. exd5 Nxd5 16. Rde1 Qf4 17. Qxf4 Nxf4 18. Bd1 f6 19. g3 Nxh5 20. Nh4 Bxd1
21. Rxd1 Kh7 22. Nf5 g6 23. Ne3 Ng7 24. Ng4 Nf5 25. Nxf6+ Kg7 26. Ne4 Rf8 27.
g4 Nd4 28. Rhf1 Ne2+ 29. Kd2 Nf4 30. Ke3 Ng2+ 31. Kd2 Nh4 32. Nc5 Nf3+ 33. Ke3
b6 34. Ne6+ Kh7 35. Nxf8+ Rxf8 36. Rh1 Ng5 37. d4 e4 38. d5 Rf3+ 39. Ke2 Nf7
40. Rd4 Rf4 41. Rg1 g5 42. Ke3 Nd6 43. Rg3 Kg6 44. f3 Kf6 45. fxe4 Ke5 46. Ra4
Nxe4 47. Rf3 Rxf3+ 48. Kxf3 Nd6 49. Rxa7 Kxd5 50. Rxc7 Ke5 51. Rh7 Nc4 52. b3
Nd2+ 53. Ke3 Nf1+ 54. Kf2 Nh2 55. Kg3 Nf1+ 56. Kf2 Nh2 57. Kg3 Nf1+ 58. Kg2
Ne3+ 59. Kf3 Nxc2 60. Rxh6 Nd4+ 61. Kg3 b5 62. Rb6 Ke4 63. a4 Nxb3 64. Rxb5 Nd4
65. Rxg5 Ne2+ 66. Kf2 Nd4 67. a5 Nc6 68. a6 Kf4 69. Rg8 Na7 70. Kg2 Nc6 71. Kh3
Ke5 72. Kh4 Kf6 73. g5+ Kf7 74. Rc8 Na7 75. Rc7+ 1-0

[Event "Tournoi Skype 032B"]
[Site "Skype"]
[Date "????.??.??"]
[Round "8.8"]
[White "Barba Cepeda, Julio Cesar"]
[Black "Luna Perez Vico, Lorenzo"]
[Result "1-0"]
[WhiteElo "1508"]
[BlackElo "1562"]
[PlyCount "95"]

1. e4 c5 2. Nf3 Nc6 3. c3 d5 4. exd5 Qxd5 5. c4 Qd8 6. Nc3 Nf6 7. Be2 Nd4 8.
Nxd4 cxd4 9. Nd5 Nxd5 10. cxd5 Qxd5 11. O-O d3 12. Bf3 Qb5 13. b3 e5 14. Bb2
Bd6 15. Re1 O-O 16. Qc1 Re8 17. Be4 f5 18. Bf3 e4 19. Bh5 g6 20. Bd1 Be6 21. a4
Qc6 22. Qxc6 bxc6 23. Bd4 c5 24. Be3 f4 25. Bxf4 Bxf4 26. Ra2 Bf5 27. a5 Rab8
28. g3 Be5 29. a6 Bd4 30. Ra3 Bb2 31. Ra2 Bd4 32. Ra3 Bd7 33. Ra2 Bc6 34. Bg4
Re7 35. Bh3 Rxb3 36. Bf1 Reb7 37. h4 Rb8 38. Bh3 Rb1 39. Rxb1 Rxb1+ 40. Kh2 Bd5
41. Ra5 Bxf2 42. Bg4 Rb2 43. Kh3 Rxd2 44. Rb5 Bd4 45. Rb8+ Kg7 46. Rd8 Bf7 47.
Rd7 Kf6 48. Rxa7 1-0

[Event "Tournoi Skype 032B"]
[Site "Skype"]
[Date "????.??.??"]
[Round "8.10"]
[White "Cengiz, Ali Ekber"]
[Black "Rivalta, Paolo"]
[Result "0-1"]
[WhiteElo "1544"]
[BlackElo "1499"]
[PlyCount "49"]

1. e4 e5 2. Nf3 Nf6 3. d3 Nc6 4. a3 Bc5 5. c3 d5 6. exd5 Qxd5 7. c4 Qe6 8. Nc3
a6 9. Be2 O-O 10. O-O Rd8 11. Ng5 Qf5 12. Nge4 Nxe4 13. Nd5 Bxf2+ 14. Kh1 Nf6
15. Bf3 Nxd5 16. Bxd5 Be6 17. Be4 Qf6 18. Qd2 Be3 19. Qe1 Bf4 20. g3 Bh3 21.
Rf2 Qg5 22. gxf4 exf4 23. Bxf4 Qg4 24. Bg5 Qxg5 25. Rf3 0-1

[Event "Tournoi Skype 032B"]
[Site "Skype"]
[Date "????.??.??"]
[Round "8.11"]
[White "Ruiz Aguilera, Juan Jesus"]
[Black "Hernandez, Enrique"]
[Result "1-0"]
[WhiteElo "1500"]
[BlackElo "1543"]
[PlyCount "89"]

1. e4 d5 2. exd5 Qxd5 3. Nc3 Qd8 4. Be2 e5 5. Nf3 Nc6 6. d4 Nxd4 7. Nxe5 Nf6 8.
Bc4 Be6 9. Bb3 Bxb3 10. axb3 Bb4 11. Be3 Bxc3+ 12. bxc3 Nc6 13. Nxc6 Qxd1+ 14.
Rxd1 bxc6 15. O-O O-O 16. Bg5 Ne4 17. Bd2 Rad8 18. Bf4 Nxc3 19. Rxd8 Rxd8 20.
Bxc7 Rd1 21. Rxd1 Nxd1 22. Bb8 a6 23. Be5 f6 24. Ba1 f5 25. Kf1 g5 26. Ke2 Nxf2
27. Kxf2 h5 28. Bf6 g4 29. Bg5 Kf7 30. Ke3 Ke6 31. Kd4 f4 32. Bxf4 Kf5 33. Ke3
h4 34. h3 gxh3 35. gxh3 Ke6 36. Kd4 Kf5 37. Bh2 Ke6 38. Kc5 Kf5 39. c4 Ke4 40.
Kxc6 Kd3 41. c5 Kc3 42. Kb6 Kb4 43. c6 a5 44. Be5 Kxb3 45. Kxa5 1-0

[Event "Tournoi Skype 032B"]
[Site "Skype"]
[Date "????.??.??"]
[Round "8.12"]
[White "Mira Poveda, Jose Antonio"]
[Black "Yepez, German"]
[Result "1-0"]
[WhiteElo "1542"]
[BlackElo "1476"]
[PlyCount "55"]

1. d4 d5 2. e3 Nf6 3. c4 c6 4. Nf3 g6 5. Bd3 Bg7 6. O-O O-O 7. Nc3 Nbd7 8. Ne5
Nxe5 9. dxe5 Nd7 10. cxd5 Nxe5 11. Be4 f5 12. Bf3 Nxf3+ 13. Qxf3 Bxc3 14. bxc3
cxd5 15. Ba3 Rf7 16. Rfd1 e6 17. c4 Qa5 18. Bd6 Rd7 19. Qf4 Qd8 20. Be5 g5 21.
Qf3 h6 22. Qh5 Kh7 23. cxd5 exd5 24. Rxd5 Qg8 25. Rxd7+ Bxd7 26. Rd1 Bc6 27.
Rd6 Qf7 28. Qxf7# 1-0

[Event "Tournoi Skype 032B"]
[Site "Skype"]
[Date "????.??.??"]
[Round "8.13"]
[White "Rodriguez, Nathalie"]
[Black "Marin Gomez, Ian Javier"]
[Result "1-0"]
[WhiteElo "1537"]
[BlackElo "1442"]
[PlyCount "61"]

1. d4 d5 2. Bf4 c6 3. Nc3 Nf6 4. h3 Bf5 5. e3 e6 6. Nf3 Bd6 7. Bg3 O-O 8. Be2
Qe7 9. O-O Nbd7 10. Re1 e5 11. dxe5 Nxe5 12. Nxe5 Bxe5 13. Bf3 Qd6 14. Bxe5
Qxe5 15. Qd4 Qd6 16. e4 c5 17. Qd3 Bg6 18. Nxd5 Nxd5 19. Qxd5 Qc7 20. Rad1 Rad8
21. Qc4 Rfe8 22. Rxd8 Rxd8 23. c3 Re8 24. Qd5 Re5 25. Qd3 f5 26. a3 Qe7 27. Qe2
fxe4 28. Bxe4 Bxe4 29. Qc4+ Bd5 30. Qxd5+ Rxd5 31. Rxe7 1-0

[Event "Tournoi Skype 032B"]
[Site "Skype"]
[Date "????.??.??"]
[Round "8.14"]
[White "Pouteau, Pascal"]
[Black "Reese, Evan"]
[Result "1-0"]
[WhiteElo "1616"]
[BlackElo "1484"]
[PlyCount "55"]

1. Nf3 d5 2. d4 b6 3. c3 Bb7 4. Bf4 e6 5. e3 Nf6 6. Bb5+ Nbd7 7. Ne5 Be7 8. O-O
O-O 9. Nc6 Qe8 10. Nxe7+ Qxe7 11. Bxc7 a6 12. Ba4 Rac8 13. Bf4 Ne4 14. Nd2 Ndf6
15. Nxe4 dxe4 16. Rc1 Rfd8 17. Bb3 Nd5 18. Be5 Qg5 19. Qd2 Ne7 20. Bf4 Qg6 21.
Bc2 Nf5 22. f3 Nh4 23. fxe4 Bxe4 24. Bxe4 Qxe4 25. Qf2 Rd7 26. Qxh4 Qg6 27. Rf3
Rd5 28. Rg3 1-0

[Event "Tournoi Skype 032B"]
[Site "Skype"]
[Date "????.??.??"]
[Round "8.15"]
[White "Sauvaget, Joel"]
[Black "Malbec, Robert"]
[Result "1/2-1/2"]
[WhiteElo "1553"]
[BlackElo "1503"]
[PlyCount "87"]

1. d4 d5 2. Bf4 Nf6 3. h3 e6 4. e3 Nc6 5. a3 Bd6 6. Bxd6 Qxd6 7. Nf3 O-O 8. Be2
Bd7 9. Nbd2 Rfe8 10. Rc1 e5 11. dxe5 Nxe5 12. Nxe5 Qxe5 13. c3 Qg5 14. Nf3 Qxg2
15. Rh2 Qg6 16. Kd2 c6 17. Qg1 Qxg1 18. Rxg1 Ne4+ 19. Ke1 g6 20. h4 Kh8 21. h5
Rg8 22. h6 Bf5 23. Ng5 Nxg5 24. Rxg5 f6 25. Rg3 g5 26. Bg4 Bxg4 27. Rxg4 Raf8
28. Ke2 f5 29. Rgg2 Rg6 30. Rh5 Rff6 31. Rgh2 f4 32. exf4 Rxf4 33. R2h3 Rf5 34.
Re3 Rf8 35. Re7 Rb8 36. Rh3 Kg8 37. Rf3 Rf8 38. Rxf8+ Kxf8 39. Rxh7 Kg8 40.
Rxb7 Rxh6 41. Rxa7 Re6+ 42. Kf1 Rf6 43. Rb7 g4 44. Re7 1/2-1/2

[Event "Tournoi Skype 032B"]
[Site "Skype"]
[Date "????.??.??"]
[Round "8.16"]
[White "Huerta Lopez, Cesar Rogelio"]
[Black "Codina, Teresa"]
[Result "1-0"]
[WhiteElo "1498"]
[BlackElo "1548"]
[PlyCount "85"]

1. b3 d5 2. Bb2 e6 3. e3 c6 4. d3 Nf6 5. Nd2 Be7 6. Be2 Nbd7 7. Ngf3 O-O 8. O-O
b6 9. Re1 Bb7 10. Nf1 h6 11. Ng3 Bd6 12. Qc1 Bxg3 13. hxg3 a5 14. Bc3 a4 15. b4
b5 16. a3 Rc8 17. Nd4 Re8 18. Bd2 Rc7 19. g4 e5 20. Nf5 Nf8 21. e4 dxe4 22.
Bxh6 g6 23. Qg5 N8h7 24. Qh4 gxf5 25. gxf5 Kh8 26. dxe4 Rg8 27. Rad1 Qe7 28.
Rd3 c5 29. c3 cxb4 30. cxb4 Bxe4 31. Rg3 Rxg3 32. Qxg3 Nh5 33. Bxh5 f6 34. Rxe4
Ng5 35. Bxg5 fxg5 36. Rg4 Rc1+ 37. Kh2 Qf6 38. Rxg5 Qh6 39. Qxe5+ Kh7 40. Qe7+
Kh8 41. Qe8+ Kh7 42. Qf7+ Kh8 43. Qg8# 1-0